000 00591nam a22002057a 4500
001 77379
003 BD-RjUL
005 20211209082950.0
008 200319s1971 ka ||||| |||| 00| 0 eng d
035 _a(BD-RjUL)
040 _aBD-RjUL
_beng
_cBD-RjUL
041 _aeng
082 _219
_a821.8
_bSHT 1971
100 _aShort, Shelton H
_9241103
245 _aThin golden lines : a booklet of verse, 1970-71./
_cShelton H Short
260 _aUnited States :
_bDieterich University Book,
_c 1971.
300 _a45 p. :
_bill.;
_c18 cm
650 _aAmerican poetry
_9241104
942 _2ddc
_cBK
999 _c77379
_d77379